[Event "Lugano Special Edition op 19th"]
[Site "Lugano"]
[Date "2021.03.13"]
[Round "2"]
[White "Tahedl, Milo"]
[Black "Landmann, Alon"]
[Result "0-1"]
[WhiteElo "1421"]
[BlackElo "1771"]
[PlyCount "74"]
[EventDate "2021.03.12"]
[EventType "swiss"]
[EventRounds "5"]
[EventCountry "SUI"]
[SourceTitle "CBM 201 Extra"]
[Source "ChessBase"]
[SourceDate "2021.05.31"]
[SourceVersion "1"]
[SourceVersionDate "2021.05.31"]
[SourceQuality "1"]

1. d4 d5 2. c4 c6 3. Nc3 Nf6 4. Nf3 e6 5. Bg5 Nbd7 6. e3 Qa5 7. Nd2 Bb4 8. Qc1 0-0 9. a3 Bxc3 10. Qxc3 Qxc3 11. bxc3 h6 12. Bh4 b6 13. Be2 dxc4 14. Bxc4 Bb7 15. 0-0 c5 16. a4 Ne4 17. Nxe4 Bxe4 18. Bb5 Nf6 19. Bxf6 gxf6 20. Rfd1 Rac8 21. a5 cxd4 22. cxd4 Rc2 23. f3 Rb2 24. fxe4 Rxb5 25. axb6 axb6 26. Rab1 Rxb1 27. Rxb1 Rb8 28. d5 Kf8 29. Kf2 Ke7 30. Kf3 b5 31. Rb4 Kd6 32. dxe6 fxe6 33. Ke2 e5 34. Kd3 Kc5 35. Kc3 Ra8 36. Rb3 Ra2 37. Rb1 Rxg2 0-1

[Event "Chiasso 2days op"]
[Site "Chiasso"]
[Date "2020.10.24"]
[Round "2"]
[White "Purgaj, Christopher"]
[Black "Landmann, Alon"]
[Result "1/2-1/2"]
[WhiteElo "1724"]
[BlackElo "1853"]
[PlyCount "79"]
[EventDate "2020.10.24"]
[EventType "swiss"]
[EventRounds "5"]
[EventCountry "SUI"]
[SourceTitle "EXT 2022"]
[Source "ChessBase"]
[SourceDate "2021.10.06"]
[SourceVersion "1"]
[SourceVersionDate "2021.10.06"]
[SourceQuality "1"]

1. d4 d5 2. Nf3 Nf6 3. g3 Bf5 4. Bg2 e6 5. 0-0 Be7 6. c4 c6 7. Nc3 0-0 8. cxd5 cxd5 9. Qb3 b6 10. Ne5 Nfd7 11. g4 Nxe5 12. gxf5 Ng4 13. fxe6 fxe6 14. Nxd5 Bh4 15. Be3 Qd6 16. f4 Nc6 17. h3 Nxe3 18. Nxe3 Rac8 19. Rad1 Kh8 20. d5 exd5 21. Nxd5 Na5 22. Qd3 Nc4 23. Qb3 Qc5+ 24. Kh1 Qa5 25. Nc3 Ne3 26. Bb7 Rb8 27. Bf3 Nxf1 28. Rxf1 Rxf4 29. Nd5 Rff8 30. Rg1 Qd2 31. Qc4 Qh6 32. Rg4 Bf6 33. Kg2 Bxb2 34. Ne7 Bf6 35. Nf5 Qd2 36. Qc7 Qb2 37. Nd6 Bd4 38. Nf7+ Kg8 39. Nh6+ Kh8 40. Nf7+ 1/2-1/2